[Event "Hebron Al Aqsa op 1st"]
[Site "Hebron"]
[Date "2022.12.09"]
[Round "4"]
[White "Qawasma, Shadi"]
[Black "Seder, Mohamad"]
[Result "0-1"]
[WhiteElo "1814"]
[BlackElo "2113"]
[PlyCount "53"]
[EventDate "2022.12.08"]
[EventType "swiss"]
[EventRounds "9"]
[EventCountry "PLE"]
[SourceTitle "EXT 2024"]
[Source "ChessBase"]
[SourceDate "2023.10.10"]
[SourceVersion "1"]
[SourceVersionDate "2023.10.10"]
[SourceQuality "1"]

1. Nf3 d5 2. b3 c5 3. e3 Nf6 4. Bb2 e6 5. c4 Nc6 6. cxd5 exd5 7. Bb5 Be7 8. 0-0 0-0 9. Bxc6 bxc6 10. d3 Ba6 11. Ne5 Qc7 12. Nd2 Nd7 13. f4 f6 14. Nxd7 Qxd7 15. Nf3 Qe6 16. Re1 c4 17. Nd4 Qd7 18. dxc4 dxc4 19. f5 Bb4 20. Ne6 Qxd1 21. Rexd1 c3 22. Bc1 c2 23. Rd2 Bc3 24. Rxc2 Bxa1 25. Ba3 Rf7 26. Bb4 Bd3 27. Rc5 0-1

[Event "Hebron Al Aqsa op 1st"]
[Site "Hebron"]
[Date "2022.12.08"]
[Round "2"]
[White "Alhammouri, Roa"]
[Black "Qawasma, Shadi"]
[Result "0-1"]
[WhiteElo "1437"]
[BlackElo "1814"]
[PlyCount "53"]
[EventDate "2022.12.08"]
[EventType "swiss"]
[EventRounds "9"]
[EventCountry "PLE"]
[SourceTitle "EXT 2024"]
[Source "ChessBase"]
[SourceDate "2023.10.10"]
[SourceVersion "1"]
[SourceVersionDate "2023.10.10"]
[SourceQuality "1"]

1. e4 c6 2. Nc3 d5 3. exd5 cxd5 4. d4 Bf5 5. Nf3 e6 6. Bb5+ Nc6 7. Bf4 Bd6 8. Qd2 Nge7 9. Ba4 a6 10. 0-0 b5 11. Bb3 0-0 12. Ne2 Rc8 13. c3 h6 14. Bc2 Bxc2 15. Qxc2 Nf5 16. Ne1 Ncxd4 17. Nxd4 Nxd4 18. Qd2 Bxf4 19. Qxd4 Qc7 20. Nf3 Rfd8 21. Rfe1 Bd6 22. Ne5 Bxe5 23. Qxe5 Qxe5 24. Rxe5 Rc6 25. Kf1 f6 26. Re3 e5 27. Rae1 0-1

[Event "Hebron Al Aqsa op 1st"]
[Site "Hebron"]
[Date "2022.12.08"]
[Round "1"]
[White "Qawasma, Shadi"]
[Black "Alshreef, Bashar"]
[Result "1-0"]
[WhiteElo "1814"]
[BlackElo "1148"]
[PlyCount "65"]
[EventDate "2022.12.08"]
[EventType "swiss"]
[EventRounds "9"]
[EventCountry "PLE"]
[SourceTitle "EXT 2024"]
[Source "ChessBase"]
[SourceDate "2023.10.10"]
[SourceVersion "1"]
[SourceVersionDate "2023.10.10"]
[SourceQuality "1"]

1. Nf3 d6 2. d4 Nf6 3. b3 Nc6 4. Bb2 d5 5. e3 e6 6. Bb5 Bd7 7. Bxc6 Bxc6 8. Ne5 Bb5 9. Nd2 Be7 10. c4 Ba6 11. 0-0 0-0 12. f4 Nd7 13. Rf3 Nxe5 14. fxe5 c5 15. Rh3 h6 16. Qg4 Bg5 17. Bc3 f5 18. exf6 Qxf6 19. Rf3 Qg6 20. Nf1 Rxf3 21. gxf3 h5 22. Qg2 Kh7 23. f4 Bf6 24. Qxg6+ Kxg6 25. Nd2 Kf5 26. Rc1 Rc8 27. cxd5 cxd4 28. Bb2 Rxc1+ 29. Bxc1 dxe3 30. Nc4 exd5 31. Nxe3+ Ke4 32. Nd1 Bd4+ 33. Kg2 1-0